Escuela Industrial de Barcelona : Escuela de industrias textiles, Laboratorio de Estudios Superiores de Química, curso de 1912 a 1913 Escuela de industrias textiles, Laboratorio de Estudios Superiores de Química, curso de 1912 a 1913
Descripción Física:
14 p. : il. ; 30 cm
MARC
| LEADER | 00000nam a2200000Ia 4500 | ||
|---|---|---|---|
| 001 | 15862 | ||
| 008 | 160829s1913?] xx 000 0 cat d | ||
| 080 | |a RF-13-10 | ||
| 100 | |a Escola Industrial de Barcelona | ||
| 245 | |a Escuela Industrial de Barcelona : |b Escuela de industrias textiles, Laboratorio de Estudios Superiores de Química, curso de 1912 a 1913 | ||
| 260 | |a Barcelona : |b [s.n., |c 1913?] | ||
| 300 | |a 14 p. : |b il. ; |c 30 cm | ||
| 590 | |a Prové de 2888, exp. 8 | ||
| 650 | |a Escola Industrial de Barcelona |x Currículums |9 38815 | ||
| 856 | 4 | |u https://media.diba.cat/diba/fitxers/arxiu/fulletons/bib_15862_1913_baixa.pdf |y Accés lliure | |
| 856 | 4 | |u https://media.diba.cat/diba/fitxers/arxiu/fulletons/bib_15862_1913_baixa.pdf |y Accés lliure | |
| 901 | |a Arxiu | ||
| 942 | |n 1 |2 udc | ||
| 952 | |0 0 |1 0 |4 0 |6 RF1310 |7 1 |9 53531 |a Arxiu |b Arxiu |d 2016-12-01 |l 0 |o RF-13-10 |p 15862 |r 2016-12-01 00:00:00 |w 2016-12-01 |y ARXIU | ||
| 999 | |c 57397 |d 57397 | ||
| 900 | |a bib_15862_1913_baixa.pdf | ||